Statistics for James A. Michener Bibliography

Click here to take the quiz!

General Stats

  • This quiz has been taken 13 times
  • The average score is 14 of 145

Answer Stats

TypeYearName% Correct
Novel1959Hawaii
100%
Essay1973Hawaii: The Case for Our Fiftieth State
100%
Novel1984Texas
85%
Novel1988Alaska
77%
Novel1983Poland
69%
Novel1974Centennial
62%
Novel1978Chesapeake
62%
Novel1992Mexico
62%
Novel1980The Covenant
62%
Novel1982Space
54%
Short Story Collection1947Tales of the South Pacific
54%
Novel1989Caribbean
46%
Novel1954Sayonara
46%
Novel1965The Source
46%
Novel1963Caravans
38%
Novel1971The Drifters
38%
Novel1949The Fires of Spring
38%
Novel1991The Novel
38%
Non-Fiction Book1971Kent State: What Happened and Why
31%
Short Story1947The South Pacific
31%
Memoir1992The World Is My Home
31%
Travelogue1968Iberia
23%
Non-Fiction Story Collection1957Rascals in Paradise
23%
Short Story Collection1950Return to Paradise
23%
Non-Fiction Book1954The Floating World
23%
Novel1989Journey
15%
Novel1987Legacy
15%
Essay1973Legacy: the Australian Way
15%
Novel1994Recessional
15%
Novella1953The Bridges at Toko-Ri
15%
Non-Fiction Book1990The Eagle and the Raven
15%
Essay1973Afghanistan: Meeting Place of Nations
8%
Short Story1950Australia
8%
Novel1995Miracle in Seville
8%
Non-Fiction Book1992My Lost Mexico
8%
Short Story1950New Zealand
8%
Short Story1950Polynesia
8%
Non-Fiction Book1976Sports in America
8%
Non-Fiction Book1957The Bridge at Andau
8%
Non-Fiction Book1996This Noble Land: My Vision for America
8%
Non-Fiction Book1994William Penn
8%
Short Story1947A Boar's Tooth
0%
Non-Fiction Book1978About Centennial: Some Notes on the Novel
0%
Short Story1947A Cemetery at Hoga Point
0%
Poetry Collection1997A Century of Sonnets
0%
Short Story1947Alligator
0%
Non-Fiction Story1993A Miracle of Evolution
0%
Short Story1947An Officer and a Gentleman
0%
Non-Fiction Story1957Bligh, Man of Mutinies
0%
Non-Fiction Story1957Bully Hayes, South Sea Buccaneer
0%
Non-Fiction Story1957Charles I, Emperor of Oceania
0%
Memoir1983Collectors, Forgers - And A Writer: A Memoir
0%
Short Story1947Coral Sea
0%
Non-Fiction Story1957Coxinga, Lord of the Seas
0%
Non-Fiction Story Collection1993Creatures of the Kingdom
0%
Non-Fiction Story1993Diplodocus, the Dinosaur
0%
Non-Fiction Story1957Doña Isabel, the Lady Explorer
0%
Essay1973Don't Knock the Rock
0%
Short Story1947Dry Rot
0%
Short Story1950Espiritu Santo
0%
Short Story1950Fiji
0%
Short Story1947Fo' Dolla'
0%
Short Story1947Frisco
0%
Non-Fiction Story1993From the Boundless Deep
0%
Non-Fiction Story1957Gibson, the King's Evil Angel
0%
Short Story1950Guadalcanal
0%
Essay1973Islam: the Misunderstood Religion
0%
Essay1973Italian Designers
0%
Non-Fiction Book1981James A. Michener's USA: The People and the Land
0%
Non-Fiction Book1959Japanese Prints: From the Early Masters to the Modern
0%
Non-Fiction Story1993Jimmy the Crab
0%
Essay1973Korean Culture
0%
Non-Fiction Story1957Leeteg, the Legend
0%
Essay Collection1993Literary Reflections
0%
Non-Fiction Story1957Louis Becke, Adventurer and Writer
0%
Non-Fiction Story1993Lucifer and Hey-You
0%
Essay1973Malaya: Crossroads of the World
0%
Novel2007Matecumbe
0%
Non-Fiction Story1993Matriarch, the Woolly Mammoth
0%
Essay Collection1973Michener Miscellany - 1950/1970
0%
Short Story1950Mr. Morgan
0%
Short Story1947Mutiny
0%
Non-Fiction Story1993Nerka the Salmon
0%
Short Story1950New Guinea
0%
Non-Fiction Story1993Onk-Or
0%
Essay1993Opinions on Other Writers
0%
Short Story1947Our Heroine
0%
Short Story1947Passion
0%
Memoir1990Pilgrimage: A Memoir of Poland and Rome
0%
Non-Fiction Story1993Portrait of Rufous
0%
Short Story1950Povenaa's Daughter
0%
Essay1973Presidential Lottery
0%
Non-Fiction Book1969Presidential Lottery
0%
Short Story1950Rabaul
0%
Non-Fiction Story1957Rascals in Paradise: The Globe Mutineers
0%
Non-Fiction Book1961Report of the County Chairman
0%
Travelogue1989Six Days in Havana
0%
Essay1973Soccer: the World Cup
0%
Essay1993Testimony
0%
Short Story1947The Airstrip at Konora
0%
Short Story1950The Atoll
0%
Non-Fiction Story1993The Beaver
0%
Non-Fiction Story1993The Birth of the Rockies
0%
Short Story1947The Cave
0%
Essay1973The Christmas Present
0%
Non-Fiction Story1993The Colonel and Genghis Khan
0%
Non-Fiction Story1993The Eagle and the Snake
0%
Short Story1950The Fossickers
0%
Essay1973The Gift of Phan Tat Thanh
0%
Short Story1950The Good Life
0%
Essay1973The Hardest-Working Women in the World
0%
Essay1973The Hermitage: Russia's Art Palace
0%
Non-Fiction Story1993The Hyena
0%
Non-Fiction Story1993The Invaders
0%
Short Story1950The Jungle
0%
Short Story1947The Landing on Kuralei
0%
Essay1973The Magic Hand of Kokusai
0%
Non-Fiction Story1993The Mastodon
0%
Short Story1950The Mighty Ocean
0%
Short Story1947The Milk Run
0%
Essay1973The Milk Run
0%
Non-Fiction Book1968The Modern Japanese Print: An Appreciation
0%
Short Story1950The Mynah Birds
0%
Essay1973The National Gallery: Washington, D.C.
0%
Essay1973The Prado: Madrid
0%
Essay1973The Prison at Recsk
0%
Non-Fiction Book1970The Quality of Life
0%
Short Story1950The Story
0%
Short Story1947The Strike
0%
Non-Fiction Book1951The Voice of Asia
0%
Novel1978The Watermen
0%
Essay1973The Weapons We Need to Fight Pornography GMRX: an Alternative to Movie Censorship
0%
Essay1973This I Believe
0%
Short Story1947Those Who Fraternize
0%
Omnibus1996Three Great Novels of World War II
0%
Short Story1950Until They Sail
0%
Non-Fiction Book1995Ventures in Editing
0%
Essay1993Verses to a Writer Heading for Ninety
0%
Short Story1950What I Learned
0%
Essay1973When Does Education Stop?
0%
Essay1993Who Is Virgil T. Fry?
0%
Essay1973Why I Collect Art
0%
Essay1973Why I Like Japan
0%
Non-Fiction Story1957Will Mariner, the Boy Chief of Tonga
0%
Short Story1947Wine for the Mess at Segi
0%

Score Distribution

Percentile by Number Answered

Percent of People with Each Score

Your Score History

You have not taken this quiz